00178nam a22000977a 4500003000400000082000800004100001000012245001400022260003600036300000800072SGT bENT aSAHAJ aTALLY ACE aINDIA bSAHAJ ENTERPRIES c2018 a282